[Event "POL-chT Academic"]
[Site "Katowice"]
[Date "2018.02.03"]
[Round "2.16"]
[White "Parol, Pawel"]
[Black "Mikolajczak, Wojciech"]
[Result "0-1"]
[WhiteElo "2122"]
[BlackElo "1789"]
[PlyCount "82"]
[EventDate "2018.02.03"]
[EventType "team-swiss (rapid)"]
[EventRounds "9"]
[EventCountry "POL"]
[SourceTitle "CBM 182 Extra"]
[Source "ChessBase"]
[SourceDate "2018.02.23"]
[SourceVersion "1"]
[SourceVersionDate "2018.02.23"]
[SourceQuality "1"]
[WhiteTeam "Wroclaw PWr"]
[BlackTeam "Torun UMK"]
[WhiteTeamCountry "POL"]
[BlackTeamCountry "POL"]

1. d4 d6 2. c4 Nf6 3. g3 g6 4. Bg2 Bg7 5. Nc3 0-0 6. Nf3 Nbd7 7. 0-0 e5 8. e4 exd4 9. Nxd4 Re8 10. h3 Nc5 11. Re1 Rb8 12. Kh2 a6 13. b4 Ne6 14. Be3 Nxd4 15. Bxd4 Be6 16. Qd3 c5 17. Bxf6 Qxf6 18. Nd5 Qxf2 19. Rf1 Qd4 20. Qxd4 Bxd4 21. Rad1 Kg7 22. bxc5 dxc5 23. Nc7 Re7 24. Nxe6+ Rxe6 25. a4 b5 26. axb5 axb5 27. cxb5 Rxb5 28. Rb1 Reb6 29. Rxb5 Rxb5 30. Rc1 Rb3 31. g4 Kf6 32. Rf1+ Ke6 33. Rc1 Ke5 34. Rc2 f6 35. Bh1 Rb2 36. Rxb2 Bxb2 37. Bf3 c4 38. Kg3 c3 39. Bd1 Kxe4 40. Kf2 Kd3 41. Be2+ Kd2 0-1

[Event "POL-chT3 Kujawsko Pomorskie 1314"]
[Site "Poland"]
[Date "2014.??.??"]
[Round "9.13"]
[White "Mikolajczak, Wojciech"]
[Black "Szczesniak, Andrzej"]
[Result "0-1"]
[WhiteElo "1737"]
[BlackElo "2013"]
[PlyCount "65"]
[EventDate "2013.11.03"]
[EventType "team-tourn"]
[EventRounds "11"]
[EventCountry "POL"]
[SourceTitle "EXT 2018"]
[Source "ChessBase"]
[SourceDate "2017.10.13"]
[SourceVersion "1"]
[SourceVersionDate "2017.10.13"]
[SourceQuality "1"]
[WhiteTeam "Bydgoszcz Emdek"]
[BlackTeam "Grudziadz Rotmistrz III"]
[WhiteTeamCountry "POL"]
[BlackTeamCountry "POL"]

1. c4 c5 2. Nc3 Nc6 3. g3 g6 4. Bg2 Bg7 5. Nf3 e5 6. d3 Nge7 7. Bg5 h6 8. Be3 d6 9. 0-0 0-0 10. Re1 Be6 11. Qc1 Kh7 12. Ne4 b6 13. a3 Rc8 14. Rb1 d5 15. cxd5 Nxd5 16. Bd2 Qe7 17. Nc3 Qd7 18. Qd1 f5 19. Qa4 Rfd8 20. Qh4 Nxc3 21. Bxc3 Kg8 22. Bd2 Qe7 23. Qxe7 Nxe7 24. Bc1 c4 25. dxc4 Rxc4 26. e4 fxe4 27. Nd2 Rxc1 28. Rbxc1 Rxd2 29. Rc7 Nd5 30. Rxa7 e3 31. Bxd5 exf2+ 32. Kf1 Bxd5 33. b3 0-1

[Event "POL-chT3 Kujawsko Pomorskie 1314"]
[Site "Poland"]
[Date "2014.??.??"]
[Round "8.18"]
[White "Wisniewski, Przemyslaw"]
[Black "Mikolajczak, Wojciech"]
[Result "1/2-1/2"]
[WhiteElo "2057"]
[BlackElo "1737"]
[PlyCount "58"]
[EventDate "2013.11.03"]
[EventType "team-tourn"]
[EventRounds "11"]
[EventCountry "POL"]
[SourceTitle "EXT 2015"]
[Source "ChessBase"]
[SourceDate "2014.11.20"]
[SourceVersion "1"]
[SourceVersionDate "2014.11.20"]
[SourceQuality "1"]
[WhiteTeam "Bydgoszcz Wiartrak"]
[BlackTeam "Bydgoszcz Emdek"]
[WhiteTeamCountry "POL"]
[BlackTeamCountry "POL"]

1. Nf3 Nf6 2. d4 d5 3. Bf4 Bg4 4. e3 e6 5. Be2 Bd6 6. Ne5 Bxe2 7. Qxe2 c6 8. Nd2 Qc7 9. 0-0 Nbd7 10. Nxd7 Nxd7 11. Bxd6 Qxd6 12. c3 0-0 13. e4 Rfe8 14. e5 Qe7 15. f4 c5 16. f5 cxd4 17. cxd4 f6 18. Qb5 Nb6 19. fxe6 fxe5 20. dxe5 Qxe6 21. Nf3 Qc6 22. Qd3 Qc4 23. Qf5 Qe4 24. Qh5 Re7 25. Rae1 Qd3 26. Qg5 Rae8 27. b3 Re6 28. Qh5 R6e7 29. Qg5 Re6 1/2-1/2

[Event "POL-ch qual U17"]
[Site "Jastrzebia Gora"]
[Date "2013.09.28"]
[Round "7.3"]
[White "Klingenberg, Lukasz"]
[Black "Mikolajczak, Wojciech"]
[Result "0-1"]
[WhiteElo "1148"]
[BlackElo "1742"]
[PlyCount "56"]
[EventDate "2013.09.28"]
[EventType "tourn"]
[EventRounds "7"]
[EventCountry "POL"]
[SourceTitle "EXT 2023"]
[Source "ChessBase"]
[SourceDate "2022.10.05"]
[SourceVersion "1"]
[SourceVersionDate "2022.10.05"]
[SourceQuality "1"]

1. e4 c5 2. Nf3 Nc6 3. Bc4 g6 4. d4 cxd4 5. Nxd4 Bg7 6. Nxc6 bxc6 7. c3 Qb6 8. Qb3 Qxb3 9. Bxb3 Ba6 10. Be3 Nf6 11. Nd2 0-0 12. f3 d6 13. Bc4 Bxc4 14. Nxc4 c5 15. 0-0 Nd7 16. f4 Nb6 17. Nxb6 axb6 18. a3 b5 19. Bd2 Ra4 20. Rfe1 Rfa8 21. e5 Bf8 22. Ra2 b4 23. cxb4 cxb4 24. Bxb4 Rxb4 25. g3 d5 26. Raa1 Rxb2 27. Red1 e6 28. Rd4 Bc5 0-1

[Event "POL-ch qual U17"]
[Site "Jastrzebia Gora"]
[Date "2013.09.28"]
[Round "3.1"]
[White "Mikolajczak, Wojciech"]
[Black "Sliwicki, Damian"]
[Result "0-1"]
[WhiteElo "1742"]
[BlackElo "2126"]
[PlyCount "110"]
[EventDate "2013.09.28"]
[EventType "tourn"]
[EventRounds "7"]
[EventCountry "POL"]
[SourceTitle "EXT 2023"]
[Source "ChessBase"]
[SourceDate "2022.10.05"]
[SourceVersion "1"]
[SourceVersionDate "2022.10.05"]
[SourceQuality "1"]

1. c4 c5 2. Nc3 g6 3. g3 Bg7 4. Bg2 Nc6 5. d3 d6 6. Bf4 e5 7. Bd2 Nge7 8. Qc1 Be6 9. Bh6 Bxh6 10. Qxh6 Qb6 11. Rb1 0-0-0 12. Qd2 a6 13. Na4 Qb4 14. Qxb4 Nxb4 15. a3 Nbc6 16. b4 cxb4 17. axb4 b5 18. cxb5 axb5 19. Nc3 Kd7 20. Nf3 f6 21. Nxb5 Rb8 22. Nc3 Nxb4 23. 0-0 d5 24. Rfc1 Rhc8 25. Nd2 Kd6 26. Na4 Rxc1+ 27. Rxc1 Nec6 28. f4 Ra8 29. Nc3 Nd4 30. Rb1 Nbc2 31. Kf2 Rc8 32. Nb5+ Nxb5 33. Rxb5 Rc6 34. Rb2 Nd4 35. Nf3 Nf5 36. Nd2 Ra6 37. e4 Nd4 38. Nf3 Nc6 39. fxe5+ fxe5 40. Ng5 d4 41. Nxh7 Ra3 42. Bf1 Kc5 43. Rc2+ Rc3 44. Rd2 Nb4 45. Nf8 Bf7 46. h4 Nc2 47. g4 Ne3 48. Bh3 Nc4 49. Ra2 Rxd3 50. Bf1 Rd1 51. Ra7 Nd6 52. Nd7+ Kb4 53. Ke2 Bb3 54. Nxe5 Nb5 55. Nd3+ Kc3 0-1

[Event "Bydgoszcz U18 op 12th"]
[Site "Bydgoszcz"]
[Date "2013.05.04"]
[Round "9.2"]
[White "Mikolajczak, Wojciech"]
[Black "Wloch, Mikolaj"]
[Result "1-0"]
[WhiteElo "1737"]
[BlackElo "1368"]
[PlyCount "84"]
[EventDate "2013.05.02"]
[EventType "swiss"]
[EventRounds "9"]
[EventCountry "POL"]
[SourceTitle "EXT 2023"]
[Source "ChessBase"]
[SourceDate "2022.10.05"]
[SourceVersion "1"]
[SourceVersionDate "2022.10.05"]
[SourceQuality "1"]

1. c4 e5 2. g3 Nf6 3. Bg2 d5 4. cxd5 Nxd5 5. Qb3 Nb6 6. Nc3 Be7 7. d3 0-0 8. Nf3 Nc6 9. 0-0 Be6 10. Qd1 f5 11. Bd2 f4 12. a3 fxg3 13. hxg3 Bd6 14. Ng5 Bd7 15. Qb3+ Kh8 16. Nf7+ Rxf7 17. Qxf7 Qc8 18. Qh5 Bg4 19. Qh4 Nd4 20. Bxb7 Qxb7 21. Qxg4 Nb3 22. Rad1 Rf8 23. Qe4 Qc8 24. Kg2 Rf6 25. Rh1 h6 26. Be3 Qf8 27. Nd5 Nxd5 28. Qxd5 Qf7 29. Qxf7 Rxf7 30. Rh4 Be7 31. Re4 Bf6 32. a4 a5 33. Rc4 c5 34. Rh1 Kh7 35. Rh5 Rb7 36. Rh1 Nd4 37. Bxd4 cxd4 38. Rc2 g6 39. Kf3 h5 40. g4 Rf7 41. Kg2 Kh6 42. gxh5 gxh5 1-0

[Event "Bydgoszcz U18 op 12th"]
[Site "Bydgoszcz"]
[Date "2013.05.03"]
[Round "5.2"]
[White "Mikolajczak, Wojciech"]
[Black "Kowalski, Roman"]
[Result "1/2-1/2"]
[WhiteElo "1737"]
[BlackElo "1601"]
[PlyCount "97"]
[EventDate "2013.05.02"]
[EventType "swiss"]
[EventRounds "9"]
[EventCountry "POL"]
[SourceTitle "EXT 2023"]
[Source "ChessBase"]
[SourceDate "2022.10.05"]
[SourceVersion "1"]
[SourceVersionDate "2022.10.05"]
[SourceQuality "1"]

1. c4 c5 2. Nc3 Nc6 3. g3 g6 4. Bg2 Bg7 5. d3 d6 6. Qb3 Nf6 7. Bg5 0-0 8. Nf3 e6 9. Ne4 h6 10. Nxf6+ Bxf6 11. Bxh6 Re8 12. Be3 Qa5+ 13. Bd2 Qd8 14. Bc3 Kg7 15. Bxf6+ Qxf6 16. Qc3 Nb4 17. Qxf6+ Kxf6 18. 0-0 Rb8 19. a3 Nc6 20. Nd2 Nd4 21. e3 Nf5 22. Ne4+ Ke7 23. Rad1 Bd7 24. b4 Ba4 25. Rd2 b6 26. b5 a6 27. Nc3 axb5 28. cxb5 Bb3 29. Rb1 c4 30. dxc4 Bxc4 31. Rb4 d5 32. e4 Nd6 33. exd5 Rec8 34. dxe6 Bxe6 35. Nd5+ Kf8 36. f4 Rc1+ 37. Bf1 Nf5 38. g4 Nh4 39. Kf2 Rd8 40. Rbd4 Rxf1+ 41. Kxf1 Nf3 42. Kf2 Nxd4 43. Nxb6 Rb8 44. Rxd4 Rxb6 45. a4 Bxg4 46. Rd5 Be6 47. Rc5 Bd7 48. Ke3 Ke7 49. Kd4 1/2-1/2

[Event "POL-chT3 Kujawsko Pomorskie 1213"]
[Site "Poland"]
[Date "2013.02.24"]
[Round "9.3"]
[White "Mikolajczak, Wojciech"]
[Black "Kulinski, Krzysztof"]
[Result "0-1"]
[WhiteElo "1738"]
[BlackElo "2084"]
[PlyCount "108"]
[EventDate "2012.11.04"]
[EventType "team-tourn"]
[EventRounds "11"]
[EventCountry "POL"]
[SourceTitle "EXT 2015"]
[Source "ChessBase"]
[SourceDate "2014.11.20"]
[SourceVersion "1"]
[SourceVersionDate "2014.11.20"]
[SourceQuality "1"]
[WhiteTeam "Bydgoszcz Emdek"]
[BlackTeam "Wloclawek 1938"]
[WhiteTeamCountry "POL"]
[BlackTeamCountry "POL"]

1. c4 g6 2. Nc3 Bg7 3. g3 Nf6 4. Bg2 0-0 5. Nf3 d6 6. 0-0 c6 7. d3 e5 8. Bd2 a5 9. Qc1 Re8 10. Bh6 Bh8 11. a3 d5 12. cxd5 cxd5 13. Bg5 Nc6 14. Nd2 Be6 15. Qd1 Bg7 16. Nb3 b6 17. Rc1 Rc8 18. Re1 h6 19. Bd2 Qd7 20. Nb5 Na7 21. Nxa7 Qxa7 22. d4 e4 23. Bf4 a4 24. Nd2 Nd7 25. Be3 b5 26. Rxc8 Rxc8 27. Nb1 Nb6 28. Nc3 Qd7 29. Bc1 Bf8 30. Qd2 Nc4 31. Qc2 Qc6 32. Na2 Qb6 33. Qd1 Bg7 34. e3 Bf8 35. Bf1 h5 36. Be2 Qa5 37. Bxc4 Rxc4 38. Bd2 Qc7 39. f3 Bd6 40. Qe2 exf3 41. Qxf3 Rc2 42. Rc1 Rxc1+ 43. Bxc1 Qc2 44. Qf1 h4 45. Qf2 Qb1 46. Qf6 Qxa2 47. Qd8+ Bf8 48. gxh4 Qb1 49. Qc7 Qe4 50. Bd2 Qd3 51. Qc1 Bh3 52. Kf2 Qf5+ 53. Ke2 Bg4+ 54. Ke1 Qf3 0-1

[Event "POL-chT3 Kujawsko Pomorskie 1213"]
[Site "Poland"]
[Date "2013.01.27"]
[Round "7.8"]
[White "Mikolajczak, Wojciech"]
[Black "Szulgacz, Maciej"]
[Result "1/2-1/2"]
[WhiteElo "1738"]
[BlackElo "1734"]
[PlyCount "91"]
[EventDate "2012.11.04"]
[EventType "team-tourn"]
[EventRounds "11"]
[EventCountry "POL"]
[SourceTitle "EXT 2015"]
[Source "ChessBase"]
[SourceDate "2014.11.20"]
[SourceVersion "1"]
[SourceVersionDate "2014.11.20"]
[SourceQuality "1"]
[WhiteTeam "Bydgoszcz Emdek"]
[BlackTeam "Bydgoszcz UKS MDK nr 5"]
[WhiteTeamCountry "POL"]
[BlackTeamCountry "POL"]

1. c4 d6 2. Nc3 Nf6 3. g3 g6 4. Bg2 Bg7 5. d3 0-0 6. Nf3 Nbd7 7. Bg5 c6 8. Qd2 e5 9. Bh6 Ne8 10. Bxg7 Kxg7 11. 0-0 f5 12. Ng5 Ndf6 13. b4 d5 14. b5 Nc7 15. bxc6 bxc6 16. Rab1 Qe7 17. Qc2 e4 18. Qa4 h6 19. Nh3 d4 20. Nd1 c5 21. Nb2 Bd7 22. Qa5 Bc6 23. Na4 Ne6 24. Rb3 g5 25. f4 Ng4 26. Qa6 Qd7 27. Rfb1 Rf7 28. Nb2 Ne3 29. Bh1 gxf4 30. gxf4 Kh7 31. Kf2 Nc2 32. Rg1 Ne3 33. Rg3 Qc7 34. Ke1 Nc2+ 35. Kd1 Ne3+ 36. Kc1 Rg8 37. dxe4 fxe4 38. Bxe4+ Bxe4 39. Qxe6 Rxg3 40. Qxe4+ Rg6 41. Nd3 Re7 42. Ne5 Qd6 43. Qxg6+ Qxg6 44. Nxg6 Kxg6 45. Rb5 Rc7 46. Nf2 1/2-1/2

[Event "Bydgoszcz U18 op 30th"]
[Site "Bydgoszcz"]
[Date "2013.01.14"]
[Round "1.7"]
[White "Mikolajczak, Wojciech"]
[Black "Wierzbowska, Aleksandra"]
[Result "1-0"]
[WhiteElo "1608"]
[BlackElo "1343"]
[PlyCount "87"]
[EventDate "2013.01.14"]
[EventType "swiss"]
[EventRounds "9"]
[EventCountry "POL"]
[SourceTitle "EXT 2023"]
[Source "ChessBase"]
[SourceDate "2022.10.05"]
[SourceVersion "1"]
[SourceVersionDate "2022.10.05"]
[SourceQuality "1"]

1. c4 e5 2. Nc3 Nf6 3. g3 Bc5 4. Bg2 d6 5. e3 0-0 6. Nge2 Nc6 7. 0-0 Re8 8. Re1 e4 9. Nf4 Bg4 10. Qb3 Qc8 11. d4 exd3 12. Nxd3 Qf5 13. Nd5 Nxd5 14. cxd5 Ne5 15. Nxe5 Qxe5 16. Qxb7 Rab8 17. Qa6 Qh5 18. a3 Bf3 19. Qd3 Re5 20. e4 Bxg2 21. Kxg2 Rbe8 22. Bf4 R5e7 23. b4 Bb6 24. a4 a5 25. b5 Qg6 26. f3 Qf6 27. Rac1 Qb2+ 28. Re2 Qf6 29. Be3 h5 30. Bxb6 cxb6 31. Qe3 Rb7 32. Rc6 Qd8 33. h4 Re5 34. Rec2 Kh7 35. Rc8 Qd7 36. Qc3 Re7 37. Qd3 g6 38. Qc3 Re8 39. Rxe8 Qxe8 40. Qf6 Qb8 41. f4 Rc7 42. Rc6 Qc8 43. f5 Rxc6 44. Qxf7+ 1-0

[Event "Bydgoszcz U18 op 30th"]
[Site "Bydgoszcz"]
[Date "2013.01.14"]
[Round "?"]
[White "Wisniewski, Szymon"]
[Black "Mikolajczak, Wojciech"]
[Result "1-0"]
[WhiteElo "1718"]
[BlackElo "1608"]
[PlyCount "97"]
[EventDate "2013.01.14"]
[EventType "swiss"]
[EventRounds "9"]
[EventCountry "POL"]
[SourceTitle "EXT 2023"]
[Source "ChessBase"]
[SourceDate "2022.10.05"]
[SourceVersion "1"]
[SourceVersionDate "2022.10.05"]
[SourceQuality "1"]

1. f4 g6 2. Nf3 Bg7 3. Nc3 d5 4. e3 c5 5. Bb5+ Nc6 6. 0-0 a6 7. Bxc6+ bxc6 8. d3 Nf6 9. Qe1 Qb6 10. Kh1 Bg4 11. e4 Bxf3 12. Rxf3 e6 13. Rb1 Qa5 14. Bd2 Qc7 15. f5 e5 16. fxg6 hxg6 17. Bg5 Ng4 18. Rh3 d4 19. Rxh8+ Bxh8 20. Qh4 Bg7 21. Qxg4 dxc3 22. bxc3 Rb8 23. Qd1 Rb5 24. c4 Rb7 25. Be3 Bf8 26. Rb3 Rxb3 27. axb3 Qa5 28. Bd2 Qd8 29. Qa1 Qf6 30. Kg1 Qe6 31. Qxa6 f6 32. Qb7 Be7 33. Be3 Kf8 34. h3 f5 35. Qb8+ Kg7 36. Qa7 fxe4 37. Bxc5 exd3 38. cxd3 Kf6 39. Qxe7+ Qxe7 40. Bxe7+ Kxe7 41. b4 Ke6 42. Kf2 Kf5 43. Kf3 g5 44. b5 cxb5 45. cxb5 Ke6 46. Ke4 Kd6 47. b6 Kc6 48. Kxe5 Kxb6 49. d4 1-0

[Event "Bydgoszcz U18 op 30th"]
[Site "Bydgoszcz"]
[Date "2013.01.14"]
[Round "6.3"]
[White "Wojnarowski, Szymon"]
[Black "Mikolajczak, Wojciech"]
[Result "0-1"]
[WhiteElo "1612"]
[BlackElo "1738"]
[PlyCount "66"]
[EventDate "2013.01.14"]
[EventType "swiss"]
[EventRounds "9"]
[EventCountry "POL"]
[SourceTitle "EXT 2023"]
[Source "ChessBase"]
[SourceDate "2022.10.05"]
[SourceVersion "1"]
[SourceVersionDate "2022.10.05"]
[SourceQuality "1"]

1. d4 Nf6 2. Nf3 c5 3. Nc3 cxd4 4. Nxd4 Nc6 5. e4 d6 6. Bb5 Bd7 7. 0-0 g6 8. Re1 Bg7 9. Nb3 0-0 10. Nd5 Ne5 11. Bxd7 Nexd7 12. c3 Re8 13. Bg5 Rc8 14. Rc1 Nxd5 15. exd5 Nf6 16. Rc2 Qd7 17. Rce2 Qg4 18. Qd2 Rc7 19. h3 Qf5 20. Rd1 Ne4 21. g4 Qf3 22. Qe3 Nxg5 23. Qxg5 Qxe2 24. Rd2 Qe1+ 25. Kg2 Qe4+ 26. Kg1 Qb1+ 27. Kg2 Qxa2 28. Nc1 Qc4 29. Ne2 Qe4+ 30. f3 Qe5 31. Qh4 Rc5 32. Nd4 Rxd5 33. Re2 Qg5 0-1

[Event "POL-chT3 Kujawsko Pomorskie 1213"]
[Site "Poland"]
[Date "2013.01.13"]
[Round "6.23"]
[White "Grzenkowicz, Przemyslaw"]
[Black "Mikolajczak, Wojciech"]
[Result "1/2-1/2"]
[WhiteElo "1852"]
[BlackElo "1738"]
[PlyCount "60"]
[EventDate "2012.11.04"]
[EventType "team-tourn"]
[EventRounds "11"]
[EventCountry "POL"]
[SourceTitle "EXT 2015"]
[Source "ChessBase"]
[SourceDate "2014.11.20"]
[SourceVersion "1"]
[SourceVersionDate "2014.11.20"]
[SourceQuality "1"]
[WhiteTeam "Bydgoszcz Wiartrak"]
[BlackTeam "Bydgoszcz Emdek"]
[WhiteTeamCountry "POL"]
[BlackTeamCountry "POL"]

1. d4 Nf6 2. Nf3 g6 3. c4 Bg7 4. Nc3 d6 5. e4 0-0 6. h3 e5 7. d5 a5 8. Be3 Bd7 9. c5 dxc5 10. Bxc5 Re8 11. Bc4 Na6 12. Be3 Qe7 13. 0-0 Qb4 14. Qe2 Qd6 15. a3 Nc5 16. Qc2 Qe7 17. Rfd1 Reb8 18. Ng5 Be8 19. Nb5 Bxb5 20. Bxb5 Na6 21. Bc4 Qd6 22. Nf3 Ne8 23. Bb5 Qe7 24. Bxe8 Rxe8 25. Rac1 Bf8 26. Qc3 b6 27. Qc4 Nc5 28. Ne1 Qd7 29. Nd3 Nxd3 30. Rxd3 Bd6 1/2-1/2

[Event "POL-chT3 Kujawsko Pomorskie 1314"]
[Site "Poland"]
[Date "2013.??.??"]
[Round "5.23"]
[White "Mikolajczak, Wojciech"]
[Black "Blocinski, Maciej"]
[Result "1-0"]
[WhiteElo "1737"]
[BlackElo "1616"]
[PlyCount "113"]
[EventDate "2013.11.03"]
[EventType "team-tourn"]
[EventRounds "11"]
[EventCountry "POL"]
[SourceTitle "EXT 2015"]
[Source "ChessBase"]
[SourceDate "2014.11.20"]
[SourceVersion "1"]
[SourceVersionDate "2014.11.20"]
[SourceQuality "1"]
[WhiteTeam "Bydgoszcz Emdek"]
[BlackTeam "Bydgoszcz Chemik II"]
[WhiteTeamCountry "POL"]
[BlackTeamCountry "POL"]

1. c4 e6 2. g3 Nf6 3. Bg2 d5 4. cxd5 exd5 5. Nf3 Be7 6. Nc3 c6 7. 0-0 0-0 8. Qb3 Qb6 9. Qc2 Nbd7 10. d4 Re8 11. Re1 Bd6 12. Na4 Qc7 13. Bd2 Ne4 14. Rac1 Ndf6 15. Bg5 Nxg5 16. Nxg5 h6 17. Nf3 Ne4 18. Nc3 Nxc3 19. Qxc3 Be6 20. Nd2 Qe7 21. a3 f5 22. Nb3 Bf7 23. Nc5 b6 24. Nd3 Rac8 25. Bh3 g6 26. Qd2 Kh7 27. Rc2 Qf6 28. Nb4 Bxb4 29. Qxb4 Re4 30. e3 Qe7 31. Qxe7 Rxe7 32. Rec1 Rec7 33. b4 Be8 34. Bf1 Ra8 35. Bb5 a6 36. Bxc6 Rac8 37. Ba4 Rxc2 38. Rxc2 Rxc2 39. Bxc2 b5 40. f3 Bc6 41. Kf2 Kg7 42. e4 Kf6 43. Ke3 Bb7 44. exf5 gxf5 45. Kf4 Bc8 46. g4 fxg4 47. fxg4 Bd7 48. h4 Be8 49. g5+ hxg5+ 50. hxg5+ Kg7 51. Ke5 Bf7 52. Bf5 Bg6 53. Bxg6 Kxg6 54. Kxd5 Kxg5 55. Kc6 Kf5 56. d5 Ke5 57. d6 1-0

[Event "POL-chT3 Kujawsko Pomorskie 1314"]
[Site "Poland"]
[Date "2013.??.??"]
[Round "3.28"]
[White "Mikolajczak, Wojciech"]
[Black "Chodorowski, Dawid"]
[Result "1-0"]
[WhiteElo "1737"]
[BlackElo "1718"]
[PlyCount "53"]
[EventDate "2013.11.03"]
[EventType "team-tourn"]
[EventRounds "11"]
[EventCountry "POL"]
[SourceTitle "EXT 2015"]
[Source "ChessBase"]
[SourceDate "2014.11.20"]
[SourceVersion "1"]
[SourceVersionDate "2014.11.20"]
[SourceQuality "1"]
[WhiteTeam "Bydgoszcz Emdek"]
[BlackTeam "Inowroclaw OSiR Pozkal"]
[WhiteTeamCountry "POL"]
[BlackTeamCountry "POL"]

1. c4 g6 2. Nc3 Bg7 3. g3 e5 4. Bg2 Nc6 5. d3 f5 6. Nf3 d6 7. Bd2 h6 8. a3 Nf6 9. 0-0 0-0 10. Rb1 Be6 11. Ne1 g5 12. Nd5 Rb8 13. b4 Ne7 14. Nxf6+ Bxf6 15. Bc3 Qd7 16. Nf3 f4 17. Nd2 Bh3 18. Ne4 Bg7 19. d4 Bxg2 20. Kxg2 Qf5 21. Qd3 g4 22. dxe5 f3+ 23. Kh1 dxe5 24. Nc5 Qh5 25. exf3 gxf3 26. Qd7 Nf5 27. Bxe5 1-0

[Event "POL-ch U18"]
[Site "Szczyrk"]
[Date "2013.??.??"]
[Round "1"]
[White "Mikolajczak, Wojciech"]
[Black "Jaskolka, Tomasz"]
[Result "0-1"]
[WhiteElo "1740"]
[BlackElo "2038"]
[PlyCount "106"]
[EventDate "2013.03.17"]
[EventType "swiss"]
[EventRounds "9"]
[EventCountry "POL"]
[SourceTitle "CBM 153 Extra"]
[Source "ChessBase"]
[SourceDate "2013.04.22"]
[SourceVersion "1"]
[SourceVersionDate "2013.04.22"]
[SourceQuality "1"]

1. c4 e5 2. Nc3 Nc6 3. g3 f5 4. Bg2 Nf6 5. d3 Bb4 6. Bd2 Bxc3 7. Bxc3 d6 8. Nf3 0-0 9. 0-0 h6 10. c5 Be6 11. b3 Qe8 12. cxd6 cxd6 13. Bb2 Qh5 14. Nd2 f4 15. Ne4 Ng4 16. h3 Nf6 17. e3 Qxd1 18. Rfxd1 fxe3 19. fxe3 Nd5 20. Nxd6 Nxe3 21. Rd2 Nxg2 22. Kxg2 Bd5+ 23. Ne4 Rad8 24. Bc3 b5 25. Rad1 Rf7 26. Kh2 Rf3 27. Nc5 Nd4 28. Bxd4 exd4 29. Re1 Rdf8 30. Ree2 Re3 31. Ne4 Rff3 32. Rxe3 Rxe3 33. Nd6 h5 34. Nxb5 Re1 35. Rg2 Bxg2 36. Kxg2 Re3 37. Nxd4 Rxd3 38. Nc6 Rd2+ 39. Kf3 Rxa2 40. b4 Kf7 41. Kf4 Ra3 42. h4 Ke6 43. Nd4+ Kf6 44. Nc6 a6 45. Nd4 Rd3 46. Nc6 Rd6 47. Nb8 Ke7 48. Kg5 Rb6 49. Nxa6 Rxa6 50. Kxh5 Rb6 51. g4 Kf7 52. g5 g6+ 53. Kg4 Rxb4+ 0-1

[Event "POL-chT3 Kujawsko Pomorskie 1213"]
[Site "Poland"]
[Date "2012.11.18"]
[Round "2.13"]
[White "Zwara, Szymon"]
[Black "Mikolajczak, Wojciech"]
[Result "0-1"]
[WhiteElo "1739"]
[BlackElo "1738"]
[PlyCount "74"]
[EventDate "2012.11.04"]
[EventType "team-tourn"]
[EventRounds "11"]
[EventCountry "POL"]
[SourceTitle "EXT 2015"]
[Source "ChessBase"]
[SourceDate "2014.11.20"]
[SourceVersion "1"]
[SourceVersionDate "2014.11.20"]
[SourceQuality "1"]
[WhiteTeam "Torun UKS OPP"]
[BlackTeam "Bydgoszcz Emdek"]
[WhiteTeamCountry "POL"]
[BlackTeamCountry "POL"]

1. e4 c5 2. Nf3 Nc6 3. d4 cxd4 4. Nxd4 d6 5. Nc3 g6 6. Be3 Bg7 7. Qd2 Nf6 8. f3 a6 9. 0-0-0 Bd7 10. g4 Ne5 11. h4 h5 12. gxh5 Nxh5 13. Be2 Rc8 14. Rdg1 Nc4 15. Bxc4 Rxc4 16. f4 Nxf4 17. Nf3 Ne6 18. h5 gxh5 19. Ng5 Nxg5 20. Rxg5 Bxc3 21. bxc3 Be6 22. Bd4 Rf8 23. Rgxh5 Kd7 24. Qd3 Ra4 25. Kd2 Rxa2 26. Rb1 Qc7 27. Rc5 Qb8 28. Bf2 Ke8 29. Rh5 Qc7 30. Rb4 Ra1 31. Rh4 b5 32. e5 d5 33. Rhd4 Qxe5 34. Rxb5 Qg5+ 35. Ke2 Qh5+ 36. Ke3 Qh3+ 37. Kf4 Qxd3 0-1

[Event "POL-chT3 Kujawsko Pomorskie 1011"]
[Site "Poland"]
[Date "2011.04.17"]
[Round "11.17"]
[White "Halas, Przemyslaw"]
[Black "Mikolajczak, Wojciech"]
[Result "1-0"]
[WhiteElo "2088"]
[BlackElo "1648"]
[PlyCount "77"]
[EventDate "2010.11.07"]
[EventType "team-tourn"]
[EventRounds "11"]
[EventCountry "POL"]
[SourceTitle "EXT 2019"]
[Source "ChessBase"]
[SourceDate "2018.10.10"]
[SourceVersion "1"]
[SourceVersionDate "2018.10.10"]
[SourceQuality "1"]

1. d4 Nf6 2. c4 g6 3. Nc3 Bg7 4. e4 d6 5. Nf3 Nbd7 6. Be2 0-0 7. 0-0 Re8 8. e5 dxe5 9. dxe5 Ng4 10. e6 Ndf6 11. Ng5 Nh6 12. Qb3 c6 13. Bf4 fxe6 14. Rfd1 Qb6 15. Qxb6 axb6 16. Bc7 Ra5 17. f4 Ra6 18. Rd2 c5 19. Nb5 Nf5 20. Be5 h6 21. Nc7 Rf8 22. Ngxe6 Bxe6 23. Nxe6 Rc8 24. Bf3 Rca8 25. b3 R6a7 26. Nxg7 Kxg7 27. g4 Nh4 28. Bh1 Kf7 29. g5 Ng4 30. a4 Nxe5 31. fxe5 hxg5 32. Rd7 Nf5 33. Bxb7 Rb8 34. Bd5+ Kf8 35. Rxa7 Nd4 36. Rf1+ Kg7 37. Rxe7+ Kh6 38. Kg2 Kh5 39. Rh7+ 1-0

[Event "POL-chT3 1112"]
[Site "Poland"]
[Date "2011.??.??"]
[Round "2.4"]
[White "Radziejewski, Tomasz"]
[Black "Mikolajczak, Wojciech"]
[Result "1/2-1/2"]
[WhiteElo "1822"]
[BlackElo "1660"]
[PlyCount "135"]
[EventDate "2011.11.06"]
[EventType "team-tourn"]
[EventRounds "11"]
[EventCountry "POL"]
[SourceTitle "EXT 2015"]
[Source "ChessBase"]
[SourceDate "2014.11.20"]
[SourceVersion "1"]
[SourceVersionDate "2014.11.20"]
[SourceQuality "1"]
[WhiteTeam "Mrocza MGOK"]
[BlackTeam "Bydgoszcz Emdek"]
[WhiteTeamCountry "POL"]
[BlackTeamCountry "POL"]

1. c4 Nf6 2. Nc3 g6 3. g3 Bg7 4. Bg2 c5 5. e3 Nc6 6. Nge2 0-0 7. 0-0 d6 8. b3 Bf5 9. d4 cxd4 10. Nxd4 Bd7 11. Bb2 Qc8 12. Nd5 Nxd5 13. Bxd5 Nxd4 14. exd4 Bc6 15. Qf3 e6 16. Bxc6 bxc6 17. Qf4 Rd8 18. Qd2 d5 19. c5 Qb7 20. Bc3 Re8 21. f4 Qb5 22. Rfe1 a5 23. Qe2 Qxe2 24. Rxe2 Reb8 25. Rb2 Rb5 26. Rab1 Rb4 27. Rd2 Rb5 28. Rd3 h6 29. a4 Rb7 30. Bd2 Bf6 31. h4 Kg7 32. Kf2 Be7 33. Re3 Bf6 34. Rd3 Be7 35. Ke2 g5 36. Rg1 Kg6 37. hxg5 hxg5 38. g4 gxf4 39. Bxf4 Rb4 40. Bd2 Rbb8 41. Rh3 Bg5 42. Be1 Bf6 43. Rd3 Rh8 44. Rg2 Rh1 45. Bd2 Bg5 46. Be1 Bh4 47. Bd2 Rb1 48. g5 Rh1 49. Rf3 Rh8 50. Rf6+ Kg7 51. Rh6 Rh3 52. Bf4 Kg8 53. Rxh8+ Kxh8 54. Rh2 Rxh2+ 55. Bxh2 Bxg5 56. Bc7 Kg8 57. Bxa5 Kf8 58. Bc7 Ke8 59. b4 Kd7 60. Bg3 f5 61. Be5 Kc8 62. b5 Kb7 63. Bg3 f4 64. Bf2 Bf6 65. Kf3 e5 66. dxe5 Bxe5 67. Bh4 Bd4 68. Be7 1/2-1/2